000 00727cam a22002172 4500
001 0000006088
005 20151217152012.0
008 070913s xx 000 0 eng d
020 _a812650841 :
_cKES 2,450
040 _aKABU
_cKABU
100 1 _aHeldman, Kim.
_@0000157471
245 1 0 _aPMP :
_bProject Management Professional; Study guide /
_cby Kim Heldman; Claudia Baca; Patti Jansen.
260 _aNew Delhi :
_bJohn Wiley,
_c2005.
300 _axIiv, 768 p.
650 0 _aProject management
_xExamination questions, etc.
_@0000157472
700 1 _aBaca, Claudia.
_@0000157473
700 1 _aJansen, Patti.
_@0000157474
908 _a070913
950 _@1
999 _c7187
_d7187